Không có gì cả ngoài cuộc đời Tập truyện về Các Mác và Phri-đrich En-ghen

Spremljeno u:
Bibliografski detalji
Glavni autor: Vladimir Bushin
Format: Knjiga
Jezik:Undetermined
Izdano: Hà Nội Thanh Niên 1978
Teme:
Oznake: Dodaj oznaku
Bez oznaka, Budi prvi tko označuje ovaj zapis!
Thư viện lưu trữ: Trung tâm Học liệu Trường Đại học Cần Thơ
LEADER 00590nam a2200181Ia 4500
001 CTU_16040
008 210402s9999 xx 000 0 und d
082 |a 891.7 
082 |b B979 
100 |a Vladimir Bushin 
245 0 |a Không có gì cả ngoài cuộc đời 
245 0 |b Tập truyện về Các Mác và Phri-đrich En-ghen 
245 0 |c Vladimir Bushin, Dương Minh Sơn, Từ Ngọc Ấn 
260 |a Hà Nội 
260 |b Thanh Niên 
260 |c 1978 
650 |a russian fiction 
980 |a Trung tâm Học liệu Trường Đại học Cần Thơ